Statistics for 東急東横線の歴代全駅名

Click here to take the quiz!

General Stats

  • This quiz has been taken 52 times
  • The average score is 29 of 45

Answer Stats

No.駅名存在時期% Correct
TY01渋谷1927-
100%
TY02代官山1927-
100%
TY03中目黒1927-
98%
TY07自由が丘1966-
98%
TY12元住吉1926-
98%
TY06都立大学1952-
98%
TY05学芸大学1952-
98%
TY09多摩川2000-
98%
TY13日吉1926-
96%
TY11武蔵小杉1945-
96%
TY08田園調布1927-
96%
TY21横浜1928-
96%
TY04祐天寺1927-
96%
TY14綱島1944-
94%
TY16菊名1926-
94%
TY19東白楽1927-
92%
TY20反町1926-
92%
TY18白楽1926-
92%
TY10新丸子1926-
92%
廃止桜木町1932-2004
92%
廃止高島1928
88%
TY15大倉山1932-
88%
廃止高島町1931-2004
86%
TY17妙蓮寺1931-
86%
TY09多摩川園1977-2000
76%
TY14綱島温泉1926-1944
52%
TY05碑文谷1927-1936
46%
廃止神奈川1926-1950
46%
TY07自由ヶ丘1929-1966
40%
TY07九品仏1927-1929
38%
TY06柿の木坂1927-1931
36%
TY09多摩川園前1931-1977
36%
廃止工業都市1939-1953
36%
TY17妙蓮寺前1926-1931
32%
廃止並木橋1927-1946
28%
TY15太尾1926-1932
24%
TY05第一師範1943-1952
22%
廃止新太田町1926-1946
22%
TY06都立高校1943-1952
22%
TY05青山師範1936-1943
20%
廃止本横浜1928-1931
20%
TY09丸子多摩川1926-1931
20%
TY06府立高等1932-1943
18%
TY06府立高等前1931-1932
16%
廃止博覧会場前1949
10%

Score Distribution

Percentile by Number Answered

Percent of People with Each Score

Your Score History

You have not taken this quiz